Environmental Issues / (Record no. 196060)

MARC details
000 -LEADER
fixed length control field 00536nam a22001937a 4500
005 - DATE AND TIME OF LATEST TRANSACTION
control field 20230525164923.0
010 ## - LCCN (DPL NO)
LC control number ENG-136966
020 ## - INTERNATIONAL STANDARD BOOK NUMBER
Terms of availability 125.00
035 ## - SYSTEM CONTROL NUMBER
System control number EN-120598
037 ## - SOURCE OF ACQUISITION
Source of stock number/acquisition DBAD/PUB
082 ## - DEWEY DECIMAL CLASSIFICATION NUMBER
Classification number 363.7
100 ## - MAIN ENTRY--PERSONAL NAME
Personal name Ramasubramanyan, N
245 ## - TITLE STATEMENT
Title Environmental Issues /
Statement of responsibility, etc By N Ramasubramanyan
250 ## - EDITION STATEMENT
Edition statement First
260 ## - PUBLICATION, DISTRIBUTION, ETC. (IMPRINT)
Name of publisher, distributor, etc Natesan Charities
Date of publication, distribution, etc 2009
Place of publication, distribution, etc Chennai
270 ## - ADDRESS
Address 12, Brindavan Avenue, Tambaram West
City Chennai
Postal code 600045
300 ## - PHYSICAL DESCRIPTION
Extent 163p.;
Dimensions 21cm(pbk)
942 ## - ADDED ENTRY ELEMENTS (KOHA)
Source of classification or shelving scheme Dewey Decimal Classification
Item type English Books
Classification part 363.7
Call number suffix RAM
Holdings
Withdrawn status Lost status Not for loan Collection code Home library Current library Date acquired Source of acquisition Cost, normal purchase price Full call number Barcode Copy number Cost, replacement price Koha item type
      Non-fiction Ashok Vihar Ashok Vihar 23/05/2023 DBAD/PUB 125.00 363.7 RAM EN-120498 1 125.00 English Books

© Delhi Public Library
Hit Counter
free hit counter